00891nac a22002291u 4500010001600000020001700016082002000033090001500053100003400068245007500102260004300177300006500220500006500285500001500350500004100365504003900406650002700445700004000472942002200512999001500534952011200549 a 77676042 a0632000767 :00a616.0756bT3711 c3549d3549 a20080729 00aTechniques in clinical immunology /cedited by R. A. Thompson [editor] aOxford :bBlackwell Scientific,c1977. aix, 241 p., [1] leaf of col. plate :bill., diags. ;c24 cm. aDistributed in the U.S.A. by J. B. Lippincott, Philadelphia. aDonations. aDonations - Bibliotheca Alexandrina. aIncludes bibliographies and index. 0aImmunologyxTechnique.1 aThompson, R. A.q(Ronald Augustine) cBBk616.0756T3711 c3549d3549 00102ddc4070aMAINbMAINc1STd2007-04-29ePurchasel0o616.0756 TECp000030273r2025-07-15 00:00:00yBB